000 00640cam a2200205 4500500
005 20260329003914.0
041 _afre
042 _adc
100 1 0 _aLacroix, Alexandre
_eauthor
245 0 0 _aPascal Bruckner, Fabrice Luchini. Êtes-vous sûr de détester l’argent ?
260 _c2017.
500 _a64
690 _aArgent
690 _aDette
690 _aFabrice Luchini
690 _aHéritage
690 _aPascal Bruckner
786 0 _nPhilosophie magazine | 112 | 9 | 2017-09-01 | p. 2-5 | 1951-1787
856 4 1 _uhttps://shs.cairn.info/magazine-philosophie-magazine-2017-9-page-2?lang=fr&redirect-ssocas=7080
999 _c1828864
_d1828864